Gaming Quiz

Random Gaming Quiz

My Top 25 Favorite Crash Bandicoot Characters Quiz Stats

 Plays Quiz not verified by Sporcle

Challenge
Share
Tweet
Embed
Score 0/25 Timer 03:00
0 Plays Today
Rank % Correct
3Crash Bandicoot
98.8%
5Coco Bandicoot
95.9%
9Doctor Neo Cortex
94.7%
7Tiny Tiger
93.2%
24Doctor N. Gin
87.6%
1Dingodile
85.2%
4Crunch Bandicoot
79%
10Aku-Aku
76.6%
8Ripper Roo
76.3%
16Uka-Uka
74.9%
18Polar
71.3%
2Doctor Nefarious Tropy
68.9%
13Pinstripe Potoroo
66.9%
Rank % Correct
19Koala Kong
63.6%
23Nina Cortex
53.6%
17Komodo Joe
49.4%
6Fake Crash
41.7%
20N. Trance
40.8%
14Tawna Bandicoot
34.9%
12Nitros Oxide
34.6%
21Emperor Velo XXVII
26.6%
25Bearminator
20.1%
15Spyro*
14.5%
11Viscount
8.3%
22Rok-Ko
6.5%

You're not logged in!

Compare scores with friends on all Sporcle quizzes.
Join for Free
OR
Log In

You Might Also Like...

Show Comments

Extras

Created Aug 7, 2012ReportNominate
Tags:character, crash, favorite, Top 25

Top Quizzes Today


Score Distribution

Your Account Isn't Verified!

In order to create a playlist on Sporcle, you need to verify the email address you used during registration. Go to your Sporcle Settings to finish the process.

Report this User

Report this user for behavior that violates our Community Guidelines.

Details: